000
00306nam a2200121Ia 4500
008
190216s9999||||xx |||||||||||||| ||und||
100
_a
Seth M L
245
0
_a
Theory And Practice Of Economic Planning
260
_b
Chaithanya Pub.House Allahabad
_c
1972
300
_a
732p
650
_a
Commerce
942
_c
BK
999
_c
4143
_d
4143